Statistics for Hillsong UNITED Songs Quiz

Click here to take the quiz!

General Stats

  • This quiz has been taken 27 times
  • The average score is 41 of 189

Answer Stats

YearAlbumSong% Correct
2013ZionOceans (Where Feet May Fail)
95%
2013ZionOceans (Where Feet May Fail) (Reloaded)
95%
2011AftermathB.E. (Interlude)
71%
2011AftermathGo
71%
2017WonderWonder
62%
2011AftermathAftermath
57%
2015EmpiresEmpires
57%
2013ZionScandal of Grace
52%
2017WonderSo Will I (100 Billion X)
52%
2015EmpiresTouch the Sky
52%
2019PeopleGood Grace
48%
2013ZionRelentless
48%
2002To the Ends of the EarthAll...
43%
2017WonderFuture Marches In
43%
2015EmpiresHere Now (Madness)
43%
2005Look to YouLook to You
43%
2013ZionMercy Mercy
43%
2013ZionMercy Mercy (Reloaded)
43%
2017WonderNot Today
43%
2015EmpiresPrince of Peace
43%
2015EmpiresSay the Word
43%
2017WonderShadow Step
43%
2019PeopleAnother in the Fire
38%
2019PeopleEchoes (Til We See the Other Side)
38%
2015EmpiresEven When it Hurts (Praise Song)
38%
2017WonderGlimmer in the Dust
38%
2019PeopleHighlands (Song of Ascent)
38%
2007All of the AboveHosanna
38%
2017WonderRain / Reign
38%
2017WonderSplinters and Stones
38%
2015EmpiresStreet Called Mercy
38%
2019PeopleWhole Heart (Hold Me Now)
38%
2019PeopleAs You Find Me
33%
2011AftermathAwakening
33%
2011AftermathBones
33%
2011AftermathFather
33%
2017WonderGreatest of These
33%
2013ZionHeartbeats
33%
2017WonderLife
33%
2004More Than LifeLight
33%
2011AftermathLike an Avalanche
33%
2013ZionLove is War
33%
1999EverydayMore
33%
2013ZionNothing Like Your Love
33%
2017WonderShape of Your Heart
33%
2019PeopleStarts and Ends
33%
2013ZionStay and Wait
33%
2013ZionStay and Wait (Reloaded)
33%
2011AftermathTake Heart
33%
2013ZionTapestry
33%
2006United We StandThe Stand
33%
2017WonderWater to Wine
33%
2007All of the AboveYou
33%
2013ZionA Million Suns
29%
2015EmpiresCaptain
29%
2015EmpiresCloser Than You Know
29%
1999EverydayEveryday
29%
2002To the Ends of the EarthFree
29%
2013ZionKing of Heaven
29%
2001King of MajestyKing of Majesty
29%
2011AftermathLight Will Shine
29%
2019PeopleMight Sound Wild
29%
2004More Than LifeMore Than Life
29%
2011AftermathNova
29%
2019PeopleReady or Not
29%
2011AftermathRhythms of Grace
29%
2015EmpiresRule
29%
2011AftermathSearch My Heart
29%
2011AftermathSearch My Heart (Radio Version)
29%
2006United We StandTake it All
29%
2009Across the Earth: Tear Down the WallsTear Down the Walls
29%
2013ZionUp in Arms
29%
2015EmpiresWhen I Lost My Heart to You (Hallelujah)
29%
2013ZionZion (Interlude)
29%
2007All of the Above | In a Valley by the Sea (EP)Break Free
24%
2019PeopleClean
24%
2009Across the Earth: Tear Down the WallsDesert Song
24%
2009Across the Earth: Tear Down the WallsFreedom Is Here
24%
2019PeopleHere's to the One
24%
2004More Than LifeOne Way
24%
2005Look to YouSalvation is Here
24%
2007All of the AboveSolution
24%
2005Look to YouTell the World
24%
2013ZionArise
19%
2007All of the AboveDesperate People
19%
2007All of the AboveDevotion
19%
2007All of the AboveDraw Me Closer (Interlude)
19%
2006United We StandHallelujah
19%
2019PeopleHoly Ground
19%
2004More Than LifeJesus' Blood
19%
2007All of the AboveLead Me to the Cross
19%
2007In a Valley by the Sea (EP)You Deserve
19%
2004More Than LifeAll Day
14%
2005Look to YouAll for Love
14%
2005Look to YouAll I Need is You
14%
2006United We StandAn Introduction
14%
2009Across the Earth: Tear Down the WallsArms Open Wide
14%
2006United We StandCame to My Rescue
14%
2005Look to YouDeeper
14%
2006United We StandFire Fall Down
14%
2007All of the AboveFor All Who Are to Come (Interlude)
14%
2007All of the AboveFound
14%
2006United We StandFrom the Inside Out
14%
2009Across the Earth: Tear Down the WallsKing of All Days
14%
2009Across the Earth: Tear Down the WallsMore Than Anything
14%
2013ZionMountain
14%
2007All of the AboveMy Future Decided
14%
2009Across the Earth: Tear Down the WallsNo Reason to Hide
14%
2007All of the AbovePoint of Difference
14%
2006United We StandRevolution
14%
2007All of the AboveSaviour King
14%
2009Across the Earth: Tear Down the WallsSoon
14%
2006United We StandSovereign Hands
14%
2002To the Ends of the EarthTo the Ends of the Earth
14%
2009Across the Earth: Tear Down the WallsYou Hold Me Now
14%
2009Across the Earth: Tear Down the WallsYour Name High
14%
2009Across the Earth: Tear Down the WallsYours Forever
14%
2002To the Ends of the EarthAll About You
10%
2006United We StandA Reprise
10%
2005Look to YouAwesome God
10%
2004More Than LifeConsuming Fire
10%
2002To the Ends of the EarthData
10%
2001King of MajestyDid You Feel the Mountains Tremble
10%
2001King of MajestyFall
10%
2000Best FriendForever
10%
2006United We StandFrom God Above
10%
2002To the Ends of the EarthGlory
10%
1999EverydayHeaven
10%
2001King of MajestyHoly, Holy, Holy
10%
2000Best FriendJesus Generation
10%
2000Best FriendJesus, Lover of My Soul
10%
2006United We StandKingdom Come
10%
2007In a Valley by the Sea (EP)Love Enough
10%
2004More Than LifeMajesty
10%
2000Best FriendMy Best Friend
10%
2007All of the AboveNever Let Me Go
10%
2006United We StandNone but Jesus
10%
2006United We StandNo One Like You
10%
2009Across the Earth: Tear Down the WallsOh You Bring
10%
2005Look to YouOnly One
10%
2004More Than LifeOpen Up the Heavens
10%
2005Look to YouRest in You
10%
2006United We StandSelah
10%
2005Look to YouShout Unto God
10%
2004More Than LifeSoldier
10%
2000Best FriendThe Reason I Live
10%
2006United We StandThe Time Has Come
10%
2005Look to You'Til I See You
10%
2005Look to YouWhat the World Will Never Take
10%
2004More Than LifeAlways
5%
2004More Than LifeEvermore
5%
2001King of MajestyEverything to Me
5%
2002To the Ends of the EarthFather, I
5%
2001King of MajestyGod is Great
5%
2000Best FriendGod of All Creation
5%
2001King of MajestyI Adore
5%
2000Best FriendI Live for You
5%
2000Best FriendI Will Sing
5%
2001King of MajestyLift
5%
2001King of MajestyMost High
5%
2002To the Ends of the EarthMy God
5%
2002To the Ends of the EarthNeed You Here
5%
2002To the Ends of the EarthNow That You're Near
5%
1999EverydayOn the Lord's Day
5%
2001King of MajestyPerfect King
5%
2007In a Valley by the Sea (EP)Perfect Love
5%
2000Best FriendSaving Grace
5%
2007In a Valley by the Sea (EP)Second Chance
5%
2004More Than LifeShine for You
5%
2004More Than LifeSing (Your Love)
5%
2000Best FriendStronger Than
5%
2004More Than LifeTake All of Me
5%
2005Look to YouThere is Nothing Like
5%
2007In a Valley by the Sea (EP)To Know Your Name
5%
2002To the Ends of the EarthUnify
5%
2004More Than LifeWhere the Love Lasts Forever
5%
2007In a Valley by the Sea (EP)You Reign
5%
2001King of MajestyYour Spirit
5%
2002To the Ends of the EarthAm I to Believe
0%
1999EverydayGod is Moving
0%
1999EverydayHear Our Prayer
0%
1999EverydayJesus I Long
0%
1999EverydayPrayer to the King
0%
1999EverydaySeeking You
0%
1999EverydayYou Take Me Higher
0%

Score Distribution

Percentile by Number Answered

Percent of People with Each Score

Your Score History

You have not taken this quiz